000 01479cam a2200361 a 4500
001 EDZ0000072162
003 StDuBDS
005 20161031105140.0
006 m||||||||d||||||||
007 cr |||||||||||
008 120412s2005 enk fo| 001|0|eng d
020 _a9781446215869 (ebook) :
_cNo price
040 _aStDuBDS
_beng
_cStDuBDS
_epn
049 _aAlfaisal Main Library
050 0 _aHD62.4
_b.P373 2005
082 0 4 _a658.049
_223
100 1 _aParker, Barbara,
_d1947-
245 1 0 _aIntroduction to globalization and business
_h[electronic resource] :
_brelationships and responsibilities /
_cBarbara Parker.
260 _aLondon :
_bSAGE,
_cc2005.
300 _a1 online resource (xii, 523 p.)
520 8 _aThis work delivers the fast-moving concept of globalization into the hands of students. The breadth and depth of material covered in the text makes it appropriate for both undergraduate and graduate classes.
521 _aSpecialized.
588 _aDescription based on print version record.
504 _aIncludes bibliographical references and index.
650 0 _aInternational business enterprises
_xManagement.
650 0 _aInternational trade.
650 0 _aGlobalization.
655 7 _aElectronic books.
_2local
710 2 _aSage eBooks
776 0 8 _iPrint version :
_z9780761944966
856 4 0 _uhttp://ezproxy.alfaisal.edu/login?url=http://sk.sagepub.com/books/introduction-to-globalization-and-business
942 _2lcc
_cEBOOKS
999 _c480366
_d480366